Loading...
| Religion | 0 | 4 | 0 | 0 | 40 | 71 | 92.00 | 3 | 4 |
| History - Other History | 1 | 2 | 0 | 0 | 35 | 67 | 103.33 | 1 | 3 |
| Literature - American Literature | 0 | 3 | 0 | 0 | 30 | 106 | 117.67 | 0 | 3 |
| Mythology | 0 | 3 | 0 | 1 | 30 | 85 | 114.33 | 2 | 3 |
| History - European History | 1 | 1 | 0 | 0 | 25 | 50 | 73.00 | 1 | 2 |
| History - American History | 0 | 2 | 0 | 1 | 20 | 121 | 129.50 | 0 | 2 |
| Literature - European Literature | 0 | 2 | 0 | 0 | 20 | 99 | 115.50 | 1 | 2 |
| Geography | 0 | 2 | 0 | 0 | 20 | 93 | 110.00 | 1 | 2 |
| Science - Physics | 0 | 2 | 1 | 0 | 15 | 132 | 132.50 | 0 | 2 |
| Fine Arts - Other Fine Arts | 0 | 2 | 1 | 0 | 15 | 95 | 123.50 | 0 | 2 |
| Literature - World Literature | 1 | 0 | 0 | 0 | 15 | 31 | 31.00 | 1 | 1 |
| Science - Chemistry | 0 | 1 | 0 | 0 | 10 | 118 | 118.00 | 0 | 1 |
| Other Academic | 0 | 1 | 0 | 0 | 10 | 111 | 111.00 | 0 | 1 |
| Pop Culture | 0 | 1 | 0 | 0 | 10 | 122 | 122.00 | 1 | 1 |
| Fine Arts - Visual Fine Arts | 0 | 1 | 0 | 0 | 10 | 146 | 146.00 | 0 | 1 |
| Science - Biology | 0 | 1 | 0 | 0 | 10 | 115 | 115.00 | 0 | 1 |
| Science - Other Science | 0 | 1 | 1 | 0 | 5 | 114 | 114.00 | 0 | 1 |
| Fine Arts - Auditory Fine Arts | 0 | 0 | 0 | 0 | 0 | 0.00 | 0 | 0 | |
| History - World History | 0 | 0 | 1 | 0 | -5 | 0.00 | 0 | 0 | |
| Literature - British Literature | 0 | 0 | 1 | 0 | -5 | 0.00 | 0 | 0 |